| 000 | 00380nam a2200133Ia 4500 | ||
|---|---|---|---|
| 003 | PILC | ||
| 008 | 220421s2010 xx 000 0 und d | ||
| 040 | _cEARIST LIBRARY | ||
| 100 |
_aHall, Stephen _9484 |
||
| 245 | 0 | _aFirst class service English for the tourism and hospitality industry / | |
| 260 |
_aCengage Learning, _bAustralia : _c2010. |
||
| 999 |
_c1805 _d1805 |
||
| 942 |
_2ddc _cBK |
||